000 00692nam a22002417a 4500
003 UA-OsUOA
001 50309
007 ta
008 20071115b un ||||| |||| 00| 0 ukr d
100 _aКарабанова О. А.
090 _a159.9(075.8)
_bК21
942 _cBK
040 _aUA-OsUOA
_bukr
_cUA-OsUOA
_dUA-OsUOA
245 _aПсихология семейных отношений и основы семейного консультирования
300 _a320 с.
955 _a2
041 _aukr
080 _a159.9(075.8)
020 _a5-8297-0189-8
260 _aМ.
_bГардарики
_c2007
650 7 _a159.9 Психологія
_2UDC
999 _c336406
_d336406